সিংহবাহিনী / (Record no. 10075)
[ view plain ]
| 000 -LEADER | |
|---|---|
| fixed length control field | 07253nam a22002297a 4500 |
| 001 - CONTROL NUMBER | |
| JCCL Control Number | 10075 |
| 003 - CONTROL NUMBER IDENTIFIER | |
| JCCL marc code | BD-JhCC |
| 005 - DATE AND TIME OF LATEST TRANSACTION | |
| control field | 20211021134020.0 |
| 008 - FIXED-LENGTH DATA ELEMENTS--GENERAL INFORMATION | |
| fixed length control field | 180405b2013 bg ||||| |||| 00| 0 ben d |
| 035 ## - SYSTEM CONTROL NUMBER | |
| system control number | (BD-JhCC)10075 |
| 040 ## - CATALOGING SOURCE | |
| Original cataloging agency | BD-JhCC |
| Modifying agency | BD-JhCC |
| 041 ## - LANGUAGE CODE | |
| Language code of Book | ben |
| 082 ## - DEWEY DECIMAL CLASSIFICATION NUMBER | |
| Classification number | 891.443 |
| Author mark and Year | MUJ 2013 |
| 100 ## - MAIN ENTRY--PERSONAL NAME | |
| Personal name | মজুমদার, সমরেশ |
| 245 ## - TITLE STATEMENT | |
| Title | সিংহবাহিনী / |
| Statement of responsibility, etc | সমরেশ মজুমদার |
| 260 ## - PUBLICATION, DISTRIBUTION, ETC. (IMPRINT) | |
| Place of publication, distribution, etc | ঢাকা : |
| Name of publisher, distributor, etc | জোনাকী প্রকাশনী |
| Date of publication, distribution, etc | 2013. |
| 300 ## - PHYSICAL DESCRIPTION | |
| Pagination | 696 p. : |
| Dimensions | 23 cm. |
| 520 ## - SUMMARY, ETC. | |
| Summary, etc | এই উপন্যাসে যে পেক্ষাপট লেখক তুলে ধরেছেন। তা অন্যসব উপন্যাস থেকে কিছুটা ভিন্ন ধাচের।<br/>গল্পে দেখা যাবে একই পরিবারে বাস করে চরিত্রের ভিন্নতা,পাপপুণ্যর নানা ঘটনা।সাথে দেবী মূর্তির গোপন রহস্য। যেখানে পাঠক নিজেই ধন্দে পরে যাবে।<br/><br/>গল্পের প্রধান চরিত্রতে লেখক যে জটিলতা ও রহস্য মিশিয়ে দিয়েছেন, তা বাস্তবে নয় গল্পেও খুব কম দেখা যায়।অসাধারণ বুদ্ধির প্রয়োগ, কোথাও চরিত্রের দূর্বলতা সবমিলিয়ে রহস্যঘন এক উপন্যাস। <br/><br/>এই গল্প গড়ে উঠেছে এক বনেদী বাড়ির ইতিকথা নিয়ে।যার পেছনে রয়েছে সিংহবাহিনীর ইতিহাস। এক নিষ্পাপ ছেলে খুন হয়ে যায়,কোনো কারন ছারাই।সবার চোখে অপরাধী একজন। কিন্তু কোনো প্রমাণ নেই।<br/><br/>এই উপন্যাসে যেমন আছে দেবীর প্রতিষ্ঠা হওয়ার কাহিনী, তেমনি আছে মানুষের উত্থান ও পতনের কাহিনী। আছে মানুষের চিরন্তন লোভ লালসা ব্যাথা -বেদনা,আকাঙ্ক্ষা-হতাশার কাহিনী। আছে সর্ব তুচ্ছতাকে অতিক্রম করে মানবতায় উত্তরনের জন্য এক নারীর জীবনজয়ী সংগ্রামের কথা।<br/><br/>সব মিলিয়ে লেখক যে রহস্যময় এবং প্রেম-আশাভঙ্গ, আনন্দ বেদনার কাহিনী তুলে ধরেছেন। এক কথায় অনবদ্য।<br/><br/>যারা ধারাবাহিক ঘটনার উপন্যাস এড়িয়ে যেতে চান,তারা এই বইটি পড়ে দেখতে পারেন।লেখক তার রচনার বিভিন্ন স্থানে ভিন্ন ভিন্ন রহস্যাবৃত চরিত্র তুলে এনেছেন। যে চরিত্রগুলো উপন্যাসের ধারাকে ভিন্নদিকে প্রবাহিত করেছে।।।।<br/><br/>*******************************<br/><br/>সমরেশ মজুমদার :<br/>সমরেশ মজুমদার জন্মগ্রহন করেন বাংলা ১৩৪৮ সনের ২৬শে ফাল্গুন, ১০ই মার্চ ১৯৪২। তাঁর শৈশব কেটেছে ডুয়ার্সের চা বাগানে। তাঁর প্রাথমিক শিক্ষা শুরু হয় জলপাইগুড়ি জেলা স্কুল থেকে। তিনি বাংলায় গ্রাজুয়েশন সম্পন্ন করেন কোলকাতার স্কটিশ চার্চ কলেজ থেকে এবং মাষ্টার্স সম্পন্ন করেন কোলকাতা বিশ্ববিদ্যালয় থেকে। কর্মজীবনে তিনি আনন্দবাজার প্রকাশনার সাথে যুক্ত ছিলেন। গ্রুপ থিয়েটারের প্রতি তাঁর প্রচন্ড আসক্তি ছিলো। তাঁর প্রথম গল্প “অন্যমাত্রা” লেখাই হয়েছিলো মঞ্চনাটক হিসাবে, আর সেখান থেকেই তার লেখকজীবনের শুরু। তাঁর লেখা অন্যমাত্রা ছাপা হয়েছিলো দেশ পত্রিকায় ১৯৬৭ সালে। সমরেশ মজুমদারের প্রথম উপন্যাস “দৌড়” ছাপা হয়েছিলো দেশ পত্রিকায় ১৯৭৬ সালে। তিনি শুধু তাঁর লেখনী গল্প বা উপন্যাসের মধ্যে সীমাবদ্ধ রাখেননি ছোটগল্প, ভ্রমণকাহিনী থেকে কিশোর উপন্যাস লেখনীতে তাঁর জুড়ি মেলা ভার। সমরেশ মজুমদারের উল্লেখযোগ্য উপন্যাস গুলির মধ্যে সাতকাহন, তেরো পার্বণ, স্বপ্নের বাজার, উজান গঙ্গা, ভিক্টোরিয়ার বাগান, আট কুঠুরি নয় দরজা, অনুরাগ ইত্যাদি উল্লেখযোগ্য। অনেক অসাধারণ লেখনীর শব্দের এই রূপকার জাতীয় এবং আন্তর্জাতিক অনেক পুরস্কার অর্জন করেছেন। ১৯৮২ সালে আনন্দ পুরষ্কার, ১৯৮৪ সালে সত্য আকাদেমী পুরষ্কার, বঙ্কিম পুরস্কার এবং আইয়াইএমএস পুরস্কার জয় করেছেন। স্ক্রীপ্ট লেখক হিসাবে জয় করেছেন বিএফজেএ, দিশারী এবং চলচিত্র প্রসার সমিতির এওয়ার্ড। সমরেশ কলকাতা, তথা বাংলার সর্বকালের অন্যতম সেরা লেখক হিসাবে পাঠকমন জয় করেছেন। |
| 650 ## - SUBJECT ADDED ENTRY--TOPICAL TERM | |
| Topical term or geographic name as entry element | Bengali Novel |
| 942 ## - ADDED ENTRY ELEMENTS (KOHA) | |
| Source of classification or shelving scheme | Dewey Decimal Classification |
| Koha item type | Books |
| Koha issues (borrowed), all copies | 8 |
| Source of classification or shelving scheme | Damaged status | Not for loan | Home library | Current library | Shelving location | Date of accession | Cost, normal purchase price | Total Checkouts | Total Renewals | Full call number | Barcode | Date last seen | Date checked out | Copy number | Koha item type |
|---|---|---|---|---|---|---|---|---|---|---|---|---|---|---|---|
| Dewey Decimal Classification | JCC Rouf Library | JCC Rouf Library | General Stacks | 04/23/2018 | 750.00 | 3 | 1 | 891.443 MUJ 2018 | 13534 | 11/07/2023 | 05/16/2023 | C-2 | Books | ||
| Dewey Decimal Classification | JCC Rouf Library | JCC Rouf Library | General Stacks | 05/21/2018 | 600.00 | 891.443 MUJ 2013 | 13152 | 05/21/2018 | C-1 | Books | |||||
| Dewey Decimal Classification | JCC Rouf Library | JCC Rouf Library | General Stacks | 07/29/2018 | 750.00 | 3 | 891.443 MUJ 2018 | 14314 | 04/09/2020 | 04/08/2020 | C-3 | Books |